Online
Catalog

Principales informaciones del poder Judicial Dominicano / (Record no. 51171)

MARC details
000 -CABECERA
campo de control de longitud fija 00915nam a22002177a 4500
003 - IDENTIFICADOR DEL NÚMERO DE CONTROL
campo de control DO-SdBNP
005 - FECHA Y HORA DE LA ÚLTIMA TRANSACCIÓN
campo de control 20220114140625.0
008 - DATOS DE LONGITUD FIJA--INFORMACIÓN GENERAL
campo de control de longitud fija 220114b2006 ||||e |||| 001 0 spa d
040 ## - FUENTE DE LA CATALOGACIÓN
Centro catalogador/agencia de origen DO-SdBNP
Lengua de catalogación spa
Centro/agencia transcriptor BNPHU
082 ## - NÚMERO DE LA CLASIFICACIÓN DECIMAL DEWEY
Número de edición 22
Número de documento/Ítem R426p
110 10 - ENTRADA PRINCIPAL--NOMBRE DE ENTIDAD CORPORATIVA
Nombre de entidad corporativa o nombre de jurisdicción como elemento de entrada República Dominicana. Suprema Corte de Justicia ; Centro de Documentación e Información Judicial Dominicana (CENDIJD)
9 (RLIN) 80941
245 ## - MENCIÓN DE TÍTULO
Título Principales informaciones del poder Judicial Dominicano /
Mención de responsabilidad, etc. Suprema Corte de Justicia ; Centro de Documentación e Información Judicial Dominicana ; Nauel Bourtakan
260 ## - PUBLICACIÓN, DISTRIBUCIÓN, ETC.
Lugar de publicación, distribución, etc. Santo Dominigo :
Nombre del editor, distribuidor, etc. (CENDIJD),
Fecha de publicación, distribución, etc. 2006.
300 ## - DESCRIPCIÓN FÍSICA
Extensión 39 p. :
Otras características físicas il. ;
Dimensiones 28 cm
590 ## - NOTA LOCAL (RLIN)
Nota local Inventariado, 2022 / SA
650 40 - PUNTO DE ACCESO ADICIONAL DE MATERIA--TÉRMINO DE MATERIA
9 (RLIN) 36221
Término de materia o nombre geográfico como elemento de entrada Poder Judicial
Subdivisión general Historia
Subdivisión geográfica República Dominicana
650 40 - PUNTO DE ACCESO ADICIONAL DE MATERIA--TÉRMINO DE MATERIA
9 (RLIN) 10058
Término de materia o nombre geográfico como elemento de entrada Poder Judicial
Subdivisión geográfica República Dominicana
700 1# - PUNTO DE ACCESO ADICIONAL--NOMBRE DE PERSONA
Nombre de persona Bourtakan, Nauel
Término indicativo de función/relación Coordinación
9 (RLIN) 80942
910 ## - DATOS DE OPCIÓN DEL USUARIO (OCLC)
Datos de opción del usuario Saquino
942 ## - ELEMENTOS DE PUNTO DE ACCESO ADICIONAL (KOHA)
Fuente del sistema de clasificación o colocación Dewey Decimal Classification
Tipo de ítem Koha Folleto
Holdings
Estado de retiro Estado de pérdida Fuente del sistema de clasificación o colocación Restricciones de uso No para préstamo Código de colección Localización permanente Ubicación/localización actual Ubicación en estantería Fecha de adquisición Fuente de adquisición Total de préstamos Signatura topográfica completa Código de barras Fecha visto por última vez Precio válido a partir de Tipo de ítem Koha Nota pública Número de copia
    Dewey Decimal Classification Excluido de préstamo   Dominicana Folletos Biblioteca Nacional Pedro Henríquez Ureña Biblioteca Nacional Pedro Henríquez Ureña En catalogación 11.07.2018 Donado   BNPHU PD XXX R426p 2022-0098 14.01.2022 14.01.2022 Folleto S/A  
    Dewey Decimal Classification Excluido de préstamo   Patrimonio Dominicano Folletos Biblioteca Nacional Pedro Henríquez Ureña Patrimonio Dominicano En catalogación 11.07.2018 Donado   BNPHU PD XXX R426p 2022-0099 14.01.2022 14.01.2022 Folleto S/A e.2

Powered by Koha